Municipalities of Columbia County, Wisconsin - Statistics

General Stats
  • This quiz has been taken 82 times
  • The average score is 11 of 36
Answers on the Map
Answers color-coded by a green-red scale on the quiz's map according to % correct below.
 
Answer Stats
Answer % Correct
City of Columbus
86%
City of Portage
86%
Town of Columbus
86%
City of Lodi
71%
Town of Lodi
71%
Village of Pardeeville
71%
City of Wisconsin Dells
57%
Village of Rio
57%
Town of Arlington
43%
Town of Randolph
43%
Village of Arlington
43%
Village of Cambria
43%
Village of Friesland
43%
Village of Poynette
43%
Village of Randolph
43%
Census Designated Place of Lake Wisconsin
29%
Town of Dekorra
29%
Town of Otsego
29%
Town of Pacific
29%
Town of Wyocena
29%
Village of Fall River
29%
Village of Wyocena
29%
Town of Caledonia
14%
Town of Fort Winnebago
14%
Town of Lewiston
14%
Village of Doylestown
14%
Town of Courtland
0%
Town of Fountain Prairie
0%
Town of Hampden
0%
Town of Leeds
0%
Town of Lowville
0%
Town of Marcellon
0%
Town of Newport
0%
Town of Scott
0%
Town of Springvale
0%
Town of West Point
0%
No matching quizzes found
Score Distribution
Percent of People with Each Score
Percentile by Number Answered
Your Score History
You have not taken this quiz